<?xml version="1.0" encoding="UTF-8"?>
<collection xmlns="http://www.loc.gov/MARC21/slim">
 <record>
  <leader>01949nam a2200229Ia 4500</leader>
  <controlfield tag="001">CTU_163504</controlfield>
  <controlfield tag="008">210402s9999    xx            000 0 und d</controlfield>
  <datafield tag="082" ind1=" " ind2=" ">
   <subfield code="a">495.9220711</subfield>
  </datafield>
  <datafield tag="082" ind1=" " ind2=" ">
   <subfield code="b">H121</subfield>
  </datafield>
  <datafield tag="088" ind1=" " ind2=" ">
   <subfield code="a">60140111</subfield>
  </datafield>
  <datafield tag="100" ind1=" " ind2=" ">
   <subfield code="a">Nguyễn, Châu Hận</subfield>
  </datafield>
  <datafield tag="245" ind1=" " ind2="0">
   <subfield code="a">Bài tập chữa lỗi liên kết câu trong đoạn văn nghị luận cho sinh viên trường Đại học Bạc Liêu :</subfield>
  </datafield>
  <datafield tag="245" ind1=" " ind2="0">
   <subfield code="b">Luận văn Thạc sĩ chuyên ngành Lí luận &amp; Phương pháp dạy Văn-Tiếng Việt</subfield>
  </datafield>
  <datafield tag="245" ind1=" " ind2="0">
   <subfield code="c">Nguyễn Châu Hận; Lê A (Hướng dẫn khoa học)</subfield>
  </datafield>
  <datafield tag="260" ind1=" " ind2=" ">
   <subfield code="a">Cần Thơ</subfield>
  </datafield>
  <datafield tag="260" ind1=" " ind2=" ">
   <subfield code="b">Trường Đại học Cần Thơ</subfield>
  </datafield>
  <datafield tag="260" ind1=" " ind2=" ">
   <subfield code="c">2010</subfield>
  </datafield>
  <datafield tag="520" ind1=" " ind2=" ">
   <subfield code="a">Trên cơ sở nghiên cứu các thành tựu lý thuyết về liên kết câu trong đoạn văn,các bài tập liên kết câu trong giáo trình Tiếng Việt thực hành của một số tác giả có kinh nghiệm,uy tín trong công tác giàng dạybộ môn tiếng Việt,người viet61 tiến hành điều tra khảo sát về kiên kết câu của sinh viên bạc Liêu và bước đầu đề xuất hệ thống bài tập chữa lỗi.Xây dựng cơ sở lý thuyết cho việc đề xuất hệ thống bài tập liên kết câu trong đoạn văn nghị luận.Dự kiến hệ thống bài tập về liên kết cây cho đoạn văn nghị luận,thực hiện thăn dò để điều chỉnh,bổ sung hệ thống bài tập để được đề xuất và đề xuất 1 hệ thống hoàn chỉnh.</subfield>
  </datafield>
  <datafield tag="650" ind1=" " ind2=" ">
   <subfield code="a">Vietnamese language,Tiếng Việt</subfield>
  </datafield>
  <datafield tag="650" ind1=" " ind2=" ">
   <subfield code="x">Study and teaching,Dạy và học</subfield>
  </datafield>
  <datafield tag="904" ind1=" " ind2=" ">
   <subfield code="i">Thoa, Hải</subfield>
  </datafield>
  <datafield tag="980" ind1=" " ind2=" ">
   <subfield code="a">Trung tâm Học liệu Trường Đại học Cần Thơ</subfield>
  </datafield>
 </record>
</collection>
